000 00836pam a22002654a 4500
001 53361305
003 OSt
005 20150408114027.0
008 031028s2004 njua 001 0 eng
010 _a2003023688
020 _a0139239707
040 _aDLC
_cDLC
_dYDX
_dCIN
042 _apcc
050 0 0 _aTK146
_b.K43 2004
082 0 0 _a621.3
_222
100 1 _aKerns, David V.
_911724
245 1 0 _aEssentials of electrical and computer engineering /
_cDavid V. Kerns, Jr., J. David Irwin.
260 _aUpper Saddle River, NJ :
_bPearson Prentice Hall,
_cc2004.
300 _axviii, 654 p. :
_bill. ;
_c24 cm. +
_e3 bound-in reference cards.
500 _aIncludes index.
650 0 _aElectrical engineering.
_99768
650 0 _aComputer engineering.
_911725
700 1 _aIrwin, J. David,
_d1939-
_911726
942 _2ddc
_cBOOK
999 _c22421
_d256921